00421nam a22001337a 4500008004100000040001800041041000800059100003900067245004500106260006400151300001800215490002700233500002700260130821s sp gr spa  aCo-BoUCMbspa00aspa aLarra, Mariano José De,1809-183700aObras escogidascMariano José de Larra aBarcelona (España)bToledano Lópezc[fecha desconocida] a2 volúmenes aEnciclopedia Literaria aNotas al pie del texto